000 00628nam a22002057a 4500
999 _c150
_d150
003 OSt
005 20210409115841.0
008 140708b xxu||||| |||| 00| 0 eng d
020 _a0071422900
040 _cDLNM
082 _aQV 18 T728k 2005
100 _aAnthony, J. Trevor; Bertram, G. Katzung.
_9401
245 _aKatzung and Trevor's Pharmacology:
_bExamination and Board Review
250 _a7th ed.
260 _aLondon:
_bMcGraw-Hill Companies
_c2005
300 _aviii : 645 p. ;
_bcol.ill:
_c24 cm.
504 _aIncludes Bibliographical references and index
650 _aPharmacology MCQs
_9357
942 _2z
_cB_BANK